00323nam a2200097Ia 4500008004100000100002200041245008900063245002300152260000900175856004100184160531s9999 xx 000 0 und d aSantos, Andrés. aPlaying with Marbles: Structural and Thermodynamic Properties of Hard-Sphere Systems cby Andrés Santos c2013 uhttp://arxiv.org/pdf/1310.5578v1.pdf